000 00610nam a2200205Ii 4500
003 JO-AjNU
008 230605s9999||||xx |||||||||||||| ||und||
040 _aJO-AjNU
_bara
_erda
_cJO-AjNU
041 _aara
050 1 4 _aBP134.S3.T8254 1985
100 3 _aطعيمة، صابر,
_eauthor
_98507
245 0 0 _aالإسلام يقينا لا تلقينا
250 _aط2
264 3 1 _aبيروت: دار الجيل، 1985
300 _a276ص
336 _atext
_btxt
_2rdacontent
337 _aunmediated
_bn
_2rdamedia
338 _avolume
_bnc
_2rdacarrier
650 4 _aالايمان - الاسلام
_98508
999 _aA824
_c4392
_d4392